000 01151nam a2200337 a 4500
001 000015222
003 DO-SdBPM
005 20251209080014.0
007 ta
008 100203s1998 dr 001 0 spa d
040 _aDO-SdBPM
_bspa
_cBPMSU
_drda
082 4 _a320.54
_bD665q, 1998
_222
100 1 _aDolores Alfonseca, José
_4aut.
_eautor
245 1 0 _a¿Qué es el patriotismo? /
_cJosé Dolores Alfonseca ; edición Tomás Castro Burdiéz.
250 _a3ª ed.
264 _aSanto Domingo :
_bLibrería La Trinitaria,
_c1998.
300 _a65 páginas ;
_c22 cm.
336 _atexto
_btxt
_2rdacontent
337 _asin mediación
_bn
_2rdamedia
338 _avolumen
_bnc
_2rdacarrier
490 0 _aCuadernos Patrióticos,
_v2
500 _aIncluye datos biográficos del autor.
504 _aIncluye referencias bibliográficas y notas al pié de páginas.
590 _aInventariado, 2025/VM
650 7 _aPatriotismo
650 7 _aNacionalismo
650 7 _aActitudes políticas
_xEnsayos, conferencias, etc.
700 1 _aCastro, Tomás,
_d1959-
_eeditor
910 _aVMateo V. Control de calidad BPMSU
942 _2ddc
_cBK
999 _c15569
_d15569